LEADER 01147nam a2200265 u 4500 001 000000045535 003 CaOOAMICUS 005 20070226114655.0 008 990603s1968 it u000 u ita u 035 $a10825466 040 $aPUL(R)$bita 245 02$aI problemi dell'economia mondiale alla luce della Populorum progressio /$cscritti di Francesco Vito ... [et al.]. 250 $a2. ed. 260 $aMilano :$bVita e pensiero,$c1968. 300 $axiv, 288 p. ;$c24 cm 490 1 $aLe encicliche sociali ;$v8 504 $aBibliografia in nota. 630 04$aPopulorum progressio.$0(OLS)http://pul/subject/13816 700 1 $aVito, Francesco,$d1902-1968.$0(OLS)http://pul/name/5547 830 3$aLe encicliche sociali ;$v8.$0(OLS)http://pul/title/61392 850 $aPUL 852 $aPUL$W1$xDP1 Cons. Gen., Altre Classi 1$y22$m43 G 7$j61169$nBK-PRI$b $qStampati$B61169$CPULBib$Z2$F61169 $H $81 941 1 $a8 996 $6245$aI problemi dell'economia mondiale alla luce della Populorum progressio$9(OLS)http://pul/title/61391 996 $6260$aMilano :$bVita e pensiero$9(OLS)http://pul/publisher/48016 LEADER 01354nam a2200289 u 4500 001 000000074148 003 CaOOAMICUS 005 20070226122429.0 008 021202s1999 sz u000 u ger u 020 $a3727812311 035 $a10946751 040 $aPUL$bita 100 1 $aKrüggeler, Michael,$d1870-1951.$0(OLS)http://pul/name/49151 245 10$aIndividualisierung und Freiheit :$beine praktisch-thelogische Studie zur Religion in der Schweiz /$cMichael Krüggeler. 260 $aFreibug Schweiz :$bUniversitätsverlag,$cc1999. 300 $a274 p. ;$c22 cm 490 1 $aPraktische Theologie im Dialog ;$vBd. 19 504 $a"Literaturverzeichnis": p. 253-274. 651 4$aSvizzera$xStoria ecclesiastica.$0(OLS)http://pul/subject/23035 830 0$aPraktische Theologie im Dialog ;$vBd. 19.$0(OLS)http://pul/title/74139 850 $aPUL 852 $aPUL$W1$xSL Religione 2$y84$mRH E5 15$j95703$nBK-PRI$b $qStampati altre collocazioni$B95703$CPULBib$Z2$F95703 $H $81 941 1 $a10 961 $aINV: 88502 996 $6020$a3727812311$9(OLS)http://pul/number/95951 996 $6245$aIndividualisierung und Freiheit :$beine praktisch-thelogische Studie zur Religion in der Schweiz$9(OLS)http://pul/title/97431 996 $6260$aFreibug Schweiz :$bUniversitätsverlag$9(OLS)http://pul/publisher/74473